000 00383nam a2200133Ia 4500
008 231129s9999||||xx |||||||||||||| ||spa||
020 _a84-672-1223-3
040 _bspa
082 _a759.4 C425f
100 _aFaerna Garcí­a-Bermejo José Marí­a
245 0 _aCézanne: obras maestras
264 _aCí­rculo de Lectores
942 _2ddc
_cBKS
999 _c6872
_d6872